00765cam a22002177a 4500003000500000005001700005008004100022010001000063011001000073035001000083040000900093100003500102245013000137260004000267300001900307502009600326650002800422650003200450650002600482700003900508CHAP20220329141118.0100910s2008 r 00010 d a62764 a63736 a67941 cCHAP1 aMartínez González, Carmen.10aTratamiento de artritis reumatoide con medicina naturalc/por Carmen Martínez González y Dora Alicia Inurreta Fernández aChapingo, Méx. :bEl autor,c2008 a77 h. :cilus. aTesis (Diplomado en Medicina Natural e Integrativa) -- UACH. Centro de Educación Continua14aAlimentos dietéticos.14aEnfermedades patológicas.14aMedicina alternativa.1 aInurreta Fernández, Dora Alicia.